Jessie Ware Discography - Statistics

General Stats
  • This quiz has been taken 5 times
  • The average score is 2 of 9
Answer Stats
Type Year Name % Correct
Album 2017 Glasshouse
80%
Album 2012 Devotion
60%
Album 2014 Tough Love
40%
Remix EP 2012 Wildest Moments (Remixes)
40%
EP 2013 If You're Never Gonna Move
0%
Collaborative EP 2010 Nervous
0%
Remix EP 2012 Night Light (The Remixes)
0%
EP 2012 No to Loe
0%
Remix EP 2014 Tough Love (Remixes)
0%
No matching quizzes found
Score Distribution
Percent of People with Each Score
Percentile by Number Answered
Your Score History
You have not taken this quiz